000 00749nam a2200229 a 4500
005 19890424000000.0
008 811124s1979 ii b s000 0 eng
010 _aENG-92949
020 _c150.00
035 _aEN-76482
037 _bDBAD / PUB
040 _adpl
_bEnglish
082 _aN
100 _aHesse, Hermann
110 _aMaharashtra State Law Commission.
245 _aDemian /
_cby Hermann Hesse
260 _aNew Delhi
_bVinayak Pustak Mandir
_c2007
270 _aA-335, Nihal Vihar,
_bNew Delhi
_e110041
300 _a128p.
_c20cm (pbk)
942 _2ddc
_cEN
_mHES
_hN
999 _c23547
_d23547